FAO plant production and protection paper; N112 Cocoa pest and disease management in Southeast Asia and Autralasia

Kaydedildi:
Detaylı Bibliyografya
Yazar: FAO
Materyal Türü: Kitap
Dil:Undetermined
Baskı/Yayın Bilgisi: Rome FAO
Konular:
Etiketler: Etiketle
Etiket eklenmemiş, İlk siz ekleyin!
Thư viện lưu trữ: Trung tâm Học liệu Trường Đại học Cần Thơ
LEADER 00546nam a2200181Ia 4500
001 CTU_29134
008 210402s9999 xx 000 0 und d
082 |a 632 
082 |b F218/N112 
100 |a FAO 
245 0 |a FAO plant production and protection paper; N112 
245 0 |b Cocoa pest and disease management in Southeast Asia and Autralasia 
245 0 |c FAO 
260 |a Rome 
260 |b FAO 
650 |a plant, protection of 
904 |i Nguyễn Quang Điền, 990311 
980 |a Trung tâm Học liệu Trường Đại học Cần Thơ